Para leer a Álvaro Mutis (Registro nro. 33322)

Detalles MARC
000 -ENCABEZADO
Número de control [NR] 00762nam a2200229Ia 4500
008 - DE LONGITUD FIJA DE DATOS DE ELEMENTOS - INFORMACIÓN GENERAL
Elementos de longitud fija [NR] 130821s1998 ck gr spa
020 ## - NUMERO INTERNACIONAL NORMALIZADO PARA LIBROS [R]
Número Internacional Normalizado del libro [NR] 9586146766
040 ## - FUENTE DE CATALOGACION [NR]
Agencia de catalogación original [NR] Co-BoUCM
Idioma de catalogación [NR] spa
041 00 - CODIGO DE IDIOMA [R]
Código de idioma para texto/pista de sonido o título separado [R] Español
100 ## - ASIENTO PRINCIPAL--NOMBRE PERSONAL [NR]
Nombre personal [NR] Cobo Borda, Juan Gustavo
Fechas asociadas con el nombre [NR] 1948-
ID Autoridad 32278
245 00 - MENCION DE TITULO [NR]
Título [NR] Para leer a Álvaro Mutis
Mención de responsabilidad, etc. [NR] Juan Gustavo Cobo Borda
260 ## - PUBLICACION, DISTRIBUCION, ETC. (PIE DE IMPRENTA) [R]
Lugar de publicación, distribución, etc. [R] Bogotá (Colombia)
Nombre del editor, distribuidor, etc. [R] Espasa Forum
Fecha de publicación, distribución, etc. [R] 1998
300 ## - DESCRIPCION FISICA [R]
Extensión [R] 160 páginas
490 ## - MENCION DE SERIE [R]
Mención de serie [R] Ensayo y pensamiento
504 ## - NOTA DE BIBLIOGRAFIA, ETC. [R]
Nota de bibliografía, etc. [NR]
600 ## - ASIENTO SECUNDARIO DE MATERIA - NOMBRE PERSONAL [R]
Nombre personal [NR] Mutis, Álvaro
Fechas asociadas con el nombre [NR] 1923-
Subdivisión general [R] Crítica e interpretación
9 (RLIN) 764
650 04 - ASIENTO SECUNDARIO DE MATERIA - TERMINO TEMATICO [R]
Término temático o nombre geográfico como elemento de entrada [NR] Literatura colombiana
9 (RLIN) 18629
650 04 - ASIENTO SECUNDARIO DE MATERIA - TERMINO TEMATICO [R]
Término temático o nombre geográfico como elemento de entrada [NR] Literatura
9 (RLIN) 18599
650 04 - ASIENTO SECUNDARIO DE MATERIA - TERMINO TEMATICO [R]
Término temático o nombre geográfico como elemento de entrada [NR] Poesía colombiana
9 (RLIN) 21792
942 ## - ELEMENTOS DE ENTRADA AGREGADOS (KOHA)
Tipo de ítem principal el descrito en 300a Libro
Tema principal Literatura
Edición 1
Prefijo de la signatura top. (colección) Literatura - Colombia
Parte restante de la signatura top. C657P
Sistema de clasificación DEWEY
Clasificación 861
Título oculto en OPAC No
Existencias
Fecha de último préstamo Total préstamos Total Renewals Signatura topográfica Código de barras Última vez visto Ejemplar Price effective from Tipo de ítem Perdido Sistema de clasificación Dañado No prestable Tipo de ítem específico Suprimido Ubicación habitual Ubicación actual Localización Fecha de creación Forma de adquisición Costo
02/09/2019 5 1 C 861 C657P 100060191 09/12/2025 Ej.1 03/02/2013 Libro   DEWEY     Libro   Claustro Claustro 2do piso 28/02/2003 Compra 0.00